وادي النطرون ورهبانه وأديرته ومختصر تاريخ البطاركة ؛ (Record no. 25086)

MARC details
000 -الفاتح
حقل البيانات ثابتة الطول 01279nam a22003137a 4500
003 - محدد رقم الضبط
رقم الضبط OSt
005 - وقت وتاريخ اخر تعامل مع التسجيلة
رقم الضبط 20170821133321.0
008 - عناصر البيانات ثابتة الطول - معلومات عامة
حقل البيانات ثابتة الطول 170730s1996 ua a gr 001 0cara d
040 ## - مصدر الفهرسة
وكالة الفهرسة الأصلية EG-ScBUE
لغة الفهرسة ara
وكالة النسخ EG-ScBUE
043 ## - رمز المنطقة الجغرافية
رمز المنطقة الجغرافية f-ua---
082 04 - رقم تصنيف ديوى العشرى
رقم التصنيف 281.72
رقم المادة ط و س
رقم الطبعة 22
100 1# - المدخل الرئيسى - إسم شخصى
الإسم الشخصى طوسون، عمر،
العنوان والكلمات الأخرى المصاحبة للاسم الأمير،
التواريخ المصاحبة للاسم 1944-1872.
9 (RLIN) 26333
245 10 - بيان العنوان
العنوان وادي النطرون ورهبانه وأديرته ومختصر تاريخ البطاركة ؛
بقية العنوان مذيل بكتاب تاريخ الأديرة البحرية، 1354-1935 /
بيان المسئوليه,etc [عمر طوسون]
246 34 - العنوان الموازى
عنوان صحيح/عنوان مختصر تاريخ الأديرة البحرية، 1354-1935
250 ## - بيان الطبعة
بيان الطبعة ط. 2.
260 ## - PUBLICATION, DISTRIBUTION, ETC. (IMPRINT)
مكان الناشر او الموزع القاهرة :
اسم الناشر او الموزع مكتبة مدبولي،
تاريخ النشر أو التوزيع 1996.
300 ## - الوصف المادى
التعداد 212 ص. :
تفاصيل ماديه اخرى للوعاء إيض. ؛
أبعاد الوعاء 24 سم.
490 0# - بيان السلسلة
عنوان السلسلة صفحات من تاريخ مصر ؛
رقم المجلد/ التعيين التسلسلي 19
590 ## - تبصرة محلية(RLIN)
تبصرة محلية سارة
650 #7 - المدخل الاضافى بالموضوع-مصطلح موضوعى
مصطلح موضوعي أو اسم جغرافي كعنصر مدخل الكنائس
التقسيم الفرعي الجغرافي مصر.
مصدر الرأس أو المصطلح BUEsh
9 (RLIN) 22212
650 #7 - المدخل الاضافى بالموضوع-مصطلح موضوعى
مصطلح موضوعي أو اسم جغرافي كعنصر مدخل المسيحيون
التقسيم الفرعي الجغرافي مصر.
مصدر الرأس أو المصطلح BUEsh
9 (RLIN) 31307
650 #7 - المدخل الاضافى بالموضوع-مصطلح موضوعى
مصدر الرأس أو المصطلح BUEsh
مصطلح موضوعي أو اسم جغرافي كعنصر مدخل الأديرة
التقسيم الفرعي الجغرافي مصر.
650 #7 - المدخل الاضافى بالموضوع-مصطلح موضوعى
مصدر الرأس أو المصطلح BUEsh
مصطلح موضوعي أو اسم جغرافي كعنصر مدخل البطاركة
التقسيم الفرعي العام تاريخ
التقسيم الفرعي الجغرافي مصر.
650 #7 - المدخل الاضافى بالموضوع-مصطلح موضوعى
مصدر الرأس أو المصطلح BUEsh
مصطلح موضوعي أو اسم جغرافي كعنصر مدخل الكنائس
التقسيم الفرعي الجغرافي مصر.
9 (RLIN) 22212
651 #7 - المدخل الاضافى بالموضوع - اسم جغرافى
الاسم الجغرافي مصر
التقسيم الفرعي العام آثار مسيحية.
مصدر الرأس أو المصطلح BUEsh
653 ## - مصطلح تكشيفى غير مقيد
Resource For college Generalities
Arrived date list July2017
740 02 - المدخل الاضافى - عنوان مرتبط/تحليلى غير مقيد
العنوان التحليلي/ الرابط غير مقيد تاريخ الأديرة البحرية 1354-1935 م.
942 ## - عناصر المدخل الإضافي( كوها)
مصدر التصنيف او مخطط الترفيف Dewey Decimal Classification
Holdings
حالة التراجع حالة الفقد مصدر التصنيف او خطة الترفيف حالة تلف ليس للاعارة مجموعات كوها المكان الدائم المكان الحالي موقع الترفيف تاريخ الاكتساب Source of acquisition تعداد مسلسل / التسلسل الزمني رقم الاستدعاء الباركود Date last seen نوع الوعاء
    Dewey Decimal Classification     Madboly Central Library Central Library Second Floor 30/07/2017 Purchase 04183 281.72 ط و س 000046219 15/07/2025 Book - Borrowing